Juventus 2020's Starting XI - Statistics

General Stats
  • This quiz has been taken 7,844 times
    2,634 since last reset
  • The average score is 24 of 32
Answer Stats
Player % Correct
Dušan Vlahović
96%
Cristiano Ronaldo
93%
Juan Cuadrado
91%
Paulo Dybala
90%
Weston McKennie
90%
Kenan Yıldız
89%
Wojciech Szczęsny
88%
Álvaro Morata
87%
Miralem Pjanić
87%
Leonardo Bonucci
86%
Matthijs de Ligt
86%
Bremer
85%
Alex Sandro
83%
Danilo
80%
Rodrigo Bentancur
79%
Dejan Kulusevski
78%
Gonzalo Higuaín
78%
Adrien Rabiot
76%
Michele Di Gregorio
76%
Arkadiusz Milik
75%
Manuel Locatelli
75%
Filip Kostić
74%
Pierre Kalulu
68%
Blaise Matuidi
66%
Khéphren Thuram
66%
Teun Koopmeiners
66%
Federico Chiesa
65%
Federico Gatti
64%
Andrea Cambiaso
52%
Nicolás González
42%
Nicolò Fagioli
36%
Federico Bernardeschi
26%
No matching quizzes found
Score Distribution
Percent of People with Each Score
Percentile by Number Answered
Your Score History
You have not taken this quiz since the last reset